| 000 | 00750nam a22002177a 4500 | ||
|---|---|---|---|
| 999 |
_c5280 _d5280 |
||
| 003 | AR-CdUCM | ||
| 008 | 190312b ||||| |||| 00| 0 spa d | ||
| 040 |
_aMUNICIPALIDAD PROVINCIAL DEL CUSCO _cBIBLIOTECA MUNICIPAL DEL CUSCO |
||
| 082 |
_a923.2 / _bH79 |
||
| 100 |
_aHowells, Roy _915971 |
||
| 245 | _aChurchill en la intimidad / | ||
| 260 |
_aMéxico : _bDiana, _c1966. |
||
| 300 |
_a205 paginas ; _c19 cm. |
||
| 440 |
_aRoy Howells _n68 _915972 |
||
| 505 | _aContenido : ¿Le agradaría cuidar a sir Winston Churchill? -- En la rivera -- Puros -- Un octogenario en alta mar ... | ||
| 650 |
_aHistoria norteamericana _97149 |
||
| 650 |
_aHistoria americana _915973 |
||
| 650 |
_aHistoria universal _91423 |
||
| 942 |
_2ddc _cLIBROS |
||
| 945 | _arah | ||